LEADER 01297nam a2200325 i 4500 001 000000246323 003 CaOOAMICUS 005 20230517144124.0 008 151105s1822 it u000 u lat u 013 $a225228 026 $aV.t, 6.in e-te (ani (3) 1822 (R) 040 $aSeMil$bita 100 1 $aDenise, Claude,$d<1702-1760>.$0(OLS)http://semarc/name/82709 245 10$aThesaurus sacerdotum et clericorum. 260 $aVenetiis :$bCurti,$c1822. 300 $a312 p. ;$c12°. 500 $aPer l'A., Claude Denis, vedi BNF 500 $aIl nome del curatore, il diacono Antonio Rosmini, dalla dedica a c. *2r 500 $aSegn.: a-t8 u4 650 4$aChiesa cattolica - Clero - Formazione.$0(OLS)http://semarc/subject/1849 700 1 $aRosmini, Antonio,$c.$0(OLS)http://semarc/name/405 700 1 $aCurti, Antonio,$c.$0(OLS)http://semarc/name/14150 850 $aSeMil 852 $aSeMil$W1$xVenegono$y1$m3G III 39 FA$j196669$B196669$CSeMilBibl$Z2$F207593 $8I 900 1 $aRosmini Serbati, Antonio. 961 $aRecupero: Altro 996 $6245$aThesaurus sacerdotum et clericorum$9(OLS)http://semarc/title/348045 996 $6260$aVenetiis :$bCurti$9(OLS)http://semarc/publisher/55041 LEADER 00918nam a2200217 i 4500 001 000000065265 003 CaOOAMICUS 005 20250827145011.0 008 090506s1979 xxk u000 u mul u 040 $aSeMil$bita 245 10$aVol. 1 /$cwith an english translation by A. M. Harmon. 300 $aXIV, 471 p. 490 1 $aThe Loeb Classical Library ;$v14 700 1 $aHarmon, Austin Morris,$d<1878-1950>.$0(OLS)http://semarc/name/3586 773 0 $aLucianus : Samosatensis, $tLucian.$dCambridge, Massachusetts : Harvard University Press ; London : Heinemann, 1968-1979.$w()6913 830 4$aThe Loeb Classical Library ;$v14.$0(OLS)http://semarc/title/26868 850 $aSeMil 852 $aSeMil$W1$xVenegono$y1$m1Y I 44/1$j260953$B31418$CSeMilBibl$Z2$F31421 $81 961 $aOmaggio: Villa don Cesare 996 $6245$aVol. 1$9(OLS)http://semarc/title/55715